000 nam a22 7a 4500
999 _c10919
_d10919
008 180326b ||||| |||| 00| 0 eng d
100 _aSood, Ranju
_94613
245 _aFoundation of Information technology
260 _aNew Delhi
_bArya Publication